000 00850nam a2200217Ii 4500
003 JO-AjNU
008 230605s9999||||xx |||||||||||||| ||und||
017 _a2009/6/2569
040 _aJO-AjNU
_bara
_erda
_cJO-AjNU
041 _aara
050 1 4 _aHG4011.H366 2010
100 3 _aحنيني، محمد وجيه,
_eauthor
_930638
245 0 0 _aتحويل بورصة الاوراق المالية: ااعمل وفق احكام الشريعة الاسلامية دراسة تطبيقية
250 _aط1
264 3 1 _aعمان: دار النفائس للنشر والتوزيع، 2010
300 _a397ص
_bيحتوي على ببلوغرافية من 371-397ص
336 _atext
_btxt
_2rdacontent
337 _aunmediated
_bn
_2rdamedia
338 _avolume
_bnc
_2rdacarrier
650 4 _aالاوراق المالية - البورصات
_930639
999 _aA12168
_c15736
_d15736